[Event "Saint Swithin's Day Knockout"]
[Site "SchemingMind.com"]
[Date "2024.07.26"]
[Round "-"]
[White "Robert Bruce"]
[Black "ray winteringham"]
[Result "1-0"]
[WhiteCountry "SCO"]
[BlackCountry "ENG"]
[WhiteElo "2325"]
[WhiteRD "66"]
[BlackElo "1440"]
[BlackRD "48"]
[GameID "746196"]

1. f4 Nf6 2. Nf3 e6 3. b3 g6 4. Bb2 Bg7 5. e4 d6 6. e5 dxe5 7. fxe5 Nfd7 8. Qe2 O-O 9. h4 Nc6 10. h5 b6
11. d4 a5 12. h6 Bh8 13. Nc3 f6 14. Qe4 Bb7 15. Bc4 Kf7 16. Bxe6+ Ke8 17. exf6 Qxf6 18. Nd5 Qd8 19. O-O Ne7 20. Ng5 Bxd5
21. Bxd5 Nf6 22. Bc6+
1-0

[Event "Saint Swithin's Day Knockout"]
[Site "SchemingMind.com"]
[Date "2024.07.26"]
[Round "-"]
[White "ray winteringham"]
[Black "Robert Bruce"]
[Result "0-1"]
[WhiteCountry "ENG"]
[BlackCountry "SCO"]
[WhiteElo "1440"]
[WhiteRD "48"]
[BlackElo "2325"]
[BlackRD "66"]
[GameID "746197"]

1. e4 e5 2. Nf3 Nc6 3. Bc4 Nf6 4. a3 Bc5 5. d3 d6 6. Nc3 h6 7. Be3 O-O 8. Bxc5 dxc5 9. O-O Bg4 10. h3 Bh5
11. g4 Nxg4 12. hxg4 Bxg4 13. Kg2 Nd4 14. Qd2 Bxf3+ 15. Kg1 Qh4 16. Ne2 Qh1#
0-1

[Event "Saint Swithin's Day Knockout"]
[Site "SchemingMind.com"]
[Date "2024.08.18"]
[Round "-"]
[White "wight knight"]
[Black "Chesswitchery"]
[Result "0-1"]
[WhiteCountry "ENG"]
[BlackCountry "USA"]
[WhiteElo "1178"]
[WhiteRD "64"]
[BlackElo "1625"]
[BlackRD "61"]
[GameID "746646"]

1. e4 d5 2. Nc3 d4 3. Nd5 c6 4. Nf4 e5 5. Nfe2 Nf6 6. b3 Nxe4 7. d3 Bb4+ 8. c3 Nxc3 9. Qd2 Nxa2 10. Rxa2 Bxd2+
11. Bxd2 Be6 12. g3 Nd7 13. Bh3 Bxb3 14. Bxd7+ Qxd7 15. Rb2 Bd5 16. f3 O-O 17. Bb4 Rfe8 18. h4 a5 19. Bd2 c5 20. Rh3 Bxf3
21. g4 Bxg4 22. Rg3 f5 23. Nf3 f4 24. Ra2 fxg3 25. Ng5 Bxe2 26. Kxe2 g2 27. Nf3 Qg4 28. Ra1 e4 29. Rg1 exf3+ 30. Kf2 Re2#
0-1

[Event "Saint Swithin's Day Knockout"]
[Site "SchemingMind.com"]
[Date "2024.08.18"]
[Round "-"]
[White "Chesswitchery"]
[Black "wight knight"]
[Result "1-0"]
[WhiteCountry "USA"]
[BlackCountry "ENG"]
[WhiteElo "1625"]
[WhiteRD "61"]
[BlackElo "1178"]
[BlackRD "64"]
[GameID "746647"]

1. d4 e6 2. c4 Bb4+ 3. Bd2 Bxd2+ 4. Nxd2 b6 5. Ngf3 f6 6. e4 Bb7 7. Bd3 Nh6 8. O-O f5 9. exf5 Nxf5 10. Bxf5 exf5
11. Re1+ Kf7 12. Ne5+ Kf6 13. Rc1 d6 14. Nef3 Bxf3 15. Qxf3 c6 16. Ne4+ Ke6 17. Ng3+ Kd7 18. Qxf5+ Kc7 19. Qf7+ Nd7 20. Qxg7 Qf6
21. Qxf6 Nxf6 22. Re7+ Nd7 23. Rce1 h5 24. R1e6 Rab8 25. Nf5 Rbe8 26. Rxe8 Rh7 27. R6e7
1-0

[Event "Saint Swithin's Day Knockout"]
[Site "SchemingMind.com"]
[Date "2024.09.01"]
[Round "-"]
[White "maro"]
[Black "William Lindberg"]
[Result "0-1"]
[WhiteCountry "MEX"]
[BlackCountry "USA"]
[WhiteElo "1420"]
[WhiteRD "70"]
[BlackElo "2362"]
[BlackRD "72"]
[GameID "746973"]

1. d4 Nf6 2. Nc3 d5 3. e4 dxe4 4. Bg5 a6 5. Bc4 Nbd7 6. Qe2 b5 7. Bb3 Bb7 8. O-O-O c5 9. dxc5 Qc7 10. f3 e6
11. fxe4 Bxc5 12. g3 b4 13. Na4 Ba7 14. Bf4 e5 15. Bg5 O-O 16. Bd5 Nxd5 17. exd5 Rfc8 18. d6 Qa5 19. b3 Bxh1 20. Nf3 e4
21. Qxe4 Bxf3 22. Qxf3 Qxg5+ 23. Kb1 Qg6 24. Rd2 Re8 25. Nb2 Re1+ 26. Nd1 Rd8
0-1

[Event "Saint Swithin's Day Knockout"]
[Site "SchemingMind.com"]
[Date "2024.09.01"]
[Round "-"]
[White "William Lindberg"]
[Black "maro"]
[Result "1-0"]
[WhiteCountry "USA"]
[BlackCountry "MEX"]
[WhiteElo "2362"]
[WhiteRD "72"]
[BlackElo "1420"]
[BlackRD "70"]
[GameID "746974"]

1. c4 c6 2. e4 e5 3. Nf3 d6 4. d4 Be6 5. Be3 exd4 6. Nxd4 Qd7 7. Nc3 Nf6 8. f4 c5 9. Nf3 h6 10. f5 Bxf5
11. exf5 Qxf5 12. Bd3 Qe6 13. Qd2 Be7 14. O-O Ng4 15. Rae1 Qd7 16. h3 Nf6 17. Nh4 b6 18. Nf5 O-O 19. Bxh6 gxh6 20. Qxh6
1-0

[Event "Saint Swithin's Day Knockout"]
[Site "SchemingMind.com"]
[Date "2024.09.16"]
[Round "-"]
[White "spoke"]
[Black "eliecercruzr"]
[Result "0-1"]
[WhiteCountry "GER"]
[BlackCountry "CUB"]
[WhiteElo "1862"]
[WhiteRD "81"]
[BlackElo "2435"]
[BlackRD "59"]
[GameID "747352"]

1. e4 c5 2. Nf3 d6 3. d4 cxd4 4. Nxd4 Nf6 5. Nc3 a6 6. Be3 e6 7. f3 b5 8. Qd2 Nbd7 9. g4 b4 10. Nce2 h6
11. O-O-O Qc7 12. h4 d5 13. Bf4 e5 14. Bh2 dxe4 15. g5 hxg5 16. hxg5 Rxh2 17. Rxh2 exd4 18. Nxd4 Nd5 19. fxe4 Nc3 20. Re1 Nxa2+
21. Kb1 Nc3+ 22. bxc3 bxc3 23. Qf2 Rb8+ 24. Kc1 Ne5
0-1

[Event "Saint Swithin's Day Knockout"]
[Site "SchemingMind.com"]
[Date "2024.09.14"]
[Round "-"]
[White "eliecercruzr"]
[Black "spoke"]
[Result "1-0"]
[WhiteCountry "CUB"]
[BlackCountry "GER"]
[WhiteElo "2435"]
[WhiteRD "59"]
[BlackElo "1862"]
[BlackRD "81"]
[GameID "747353"]

1. e4 e5 2. f4 exf4 3. Bc4 Nf6 4. Nc3 c6 5. d4 d5 6. exd5 cxd5 7. Bb5+ Bd7 8. Bxf4 a6 9. Bd3 Bb4 10. Nf3 Nc6
11. O-O O-O 12. Bg5 Bxc3 13. bxc3 Bg4 14. Qb1 Bxf3 15. Rxf3 Qd6 16. Bxf6 gxf6 17. Qc1 Ne7 18. Qh6 Ng6 19. Rh3
1-0

[Event "Saint Swithin's Day Knockout"]
[Site "SchemingMind.com"]
[Date "2024.09.16"]
[Round "-"]
[White "Raymond de Kemp"]
[Black "Greg Magne"]
[Result "1-0"]
[WhiteCountry "NED"]
[BlackCountry "CAN"]
[WhiteElo "1842"]
[WhiteRD "71"]
[BlackElo "1894"]
[BlackRD "84"]
[GameID "747373"]

1. f4 e5 2. fxe5 d6 3. exd6 Bxd6 4. Nf3 g5 5. g3 Nc6 6. Bg2 Bd7 7. d4 g4 8. Ng5 f5 9. d5 Ne5 10. Ne6 Bxe6
11. dxe6 c6 12. c3 Qe7 13. Qb3 Bc5 14. Rf1 a5 15. Rxf5 a4 16. Qc2 Qxe6 17. Bf4 Bd6 18. Qe4 Nf6 19. Rxe5
1-0

[Event "Saint Swithin's Day Knockout"]
[Site "SchemingMind.com"]
[Date "2024.09.16"]
[Round "-"]
[White "Greg Magne"]
[Black "Raymond de Kemp"]
[Result "0-1"]
[WhiteCountry "CAN"]
[BlackCountry "NED"]
[WhiteElo "1894"]
[WhiteRD "84"]
[BlackElo "1842"]
[BlackRD "71"]
[GameID "747374"]

1. e4 d6 2. d4 Nf6 3. Nc3 Nbd7 4. Bd3 e5 5. Be3 Be7 6. f4 exd4 7. Bxd4 c5 8. Be3 Nb6 9. Nf3 Ng4 10. Bg1 c4
11. Bf1 O-O 12. g3 f5 13. Bxc4+ Nxc4 14. Qd5+ Kh8 15. Qxc4 fxe4 16. Qxe4 Bf5 17. Qa4 Bd7 18. Qd4 Bf6 19. Qd3 Re8+ 20. Kf1 Rc8
21. Bd4 Bc6 22. h3 Nh6 23. Rh2 Bxf3 24. Bxf6 Qxf6 25. Rf2 Bc6 26. Re1 Rxe1+
0-1

[Event "Saint Swithin's Day Knockout"]
[Site "SchemingMind.com"]
[Date "2024.09.17"]
[Round "-"]
[White "bartleby en passant"]
[Black "Arthur Wilding"]
[Result "*"]
[WhiteCountry "IRL"]
[BlackCountry "WLS"]
[WhiteElo "1441"]
[WhiteRD "200"]
[BlackElo "1144"]
[BlackRD "73"]
[GameID "747430"]

1. e4 e6 2. d4 d5 3. e5 Bb4+ 4. Bd2 Bxd2+ 5. Nxd2 Nc6 6. Ngf3 Nge7 7. Bd3 h6 8. c4 dxc4 9. Bxc4 O-O 10. O-O b6
11. Nb3 a5 12. Bb5 Bd7 13. a3 Na7 14. Bxd7 Qxd7 15. Rc1 Rac8 16. Qe2 Kh8 17. Nbd2 Nf5 18. Qd3 Nc6 19. Rfd1 Rcd8 20. g4 Nfe7
21. Ne4 Ng6 22. Qe3 Nce7 23. h4 Kh7 24. h5 Nh8 25. g5 Nf5 26. Qd2 Qe7 27. Kh2 f6
*

[Event "Saint Swithin's Day Knockout"]
[Site "SchemingMind.com"]
[Date "2024.09.17"]
[Round "-"]
[White "Arthur Wilding"]
[Black "bartleby en passant"]
[Result "0-1"]
[WhiteCountry "WLS"]
[BlackCountry "IRL"]
[WhiteElo "1144"]
[WhiteRD "73"]
[BlackElo "1441"]
[BlackRD "200"]
[GameID "747431"]

1. d4 d5 2. e3 Nf6 3. Nc3 Bf5 4. Bb5+ Nc6 5. Bxc6+ bxc6 6. Nf3 e6 7. Ne5 Qd6 8. O-O Nd7 9. a3 Nxe5 10. dxe5 Qxe5
11. Bd2 Bd6 12. f4 Qf6 13. Rb1 Qg6 14. Rc1 h5 15. Kh1 O-O 16. Rf2 h4 17. h3 Rab8 18. b3 Bxa3 19. Rb1 Bxc2 20. f5 Qxf5
21. Rxf5 Bxd1 22. Rf4 g5 23. Rg4 Bxg4 24. hxg4 Bb4 25. Rb2 Ba3 26. Ra2 Rxb3 27. Kh2 Kg7 28. Ne2 Bd6+ 29. Kh3 Rb1 30. Nd4 Rh1#
0-1

[Event "Saint Swithin's Day Knockout"]
[Site "SchemingMind.com"]
[Date "2024.09.29"]
[Round "-"]
[White "DMcCarthy"]
[Black "Wojciech  Langer"]
[Result "*"]
[WhiteCountry "USA"]
[BlackCountry "INT"]
[WhiteElo "1909"]
[WhiteRD "119"]
[BlackElo "1693"]
[BlackRD "110"]
[GameID "747736"]

1. e4 c5 2. Nf3 e6 3. d4 cxd4 4. Nxd4 Nc6 5. Nxc6 bxc6 6. e5 Qa5+ 7. Nc3 Qxe5+ 8. Be2 Qc7 9. O-O Nf6 10. Bg5 Be7
11. Qd4 O-O 12. Rad1 Re8 13. Rfe1 d6 14. Bf3 Rb8 15. b3 d5 16. Bf4 Bd6 17. Bxd6 Qxd6 18. Qxa7 Rb7 19. Qe3 Kf8 20. a4 Rb4
21. Rd4 Qc5 22. Rxb4 Qxb4 23. Na2 Qa3 24. Ra1 Bb7 25. Qc3 Qd6 26. Qb4 Qe7 27. c3 e5 28. Qb6 Ba8 29. Nb4 Qb7 30. Qc5+ Qe7
31. Na6 Qxc5 32. Nxc5 Re7 33. Kf1 e4 34. Be2 Nd7 35. Nxd7+ Rxd7 36. b4 Bb7 37. Ke1 Ke7 38. Kd2 f5 39. Ke3 g5 40. Kd4 Kd6
*

[Event "Saint Swithin's Day Knockout"]
[Site "SchemingMind.com"]
[Date "2024.09.29"]
[Round "-"]
[White "Wojciech  Langer"]
[Black "DMcCarthy"]
[Result "0-1"]
[WhiteCountry "INT"]
[BlackCountry "USA"]
[WhiteElo "1693"]
[WhiteRD "110"]
[BlackElo "1909"]
[BlackRD "119"]
[GameID "747737"]

1. Nf3 Nf6 2. c4 c6 3. Nc3 d5 4. cxd5 cxd5 5. d4 Bg4 6. h3 Bh5 7. Qb3 b6 8. Qb5+ Qd7 9. Ne5 Qxb5 10. Nxb5 Kd8
11. e3 Nfd7 12. Nxd7 Nxd7 13. g4 Bg6 14. f4 Be4 15. Rh2 e6 16. Bd2 h6 17. a3 a6 18. Nc3 Bd6 19. Nxe4 dxe4 20. Bc3 Ke7
21. Kd2 b5 22. Be2 Nf6 23. Rhh1 Nd5 24. Rhc1 Rhc8 25. b4 g5 26. fxg5 hxg5 27. Bf1 Bg3 28. Ra2 Bf2 29. Rcc2 Bxe3+ 30. Ke2 Rxc3
31. Rxc3 Nxc3+ 32. Kxe3 Nxa2 33. Kxe4 a5 34. Bxb5 Nc3+
0-1

[Event "Saint Swithin's Day Knockout"]
[Site "SchemingMind.com"]
[Date "2024.10.03"]
[Round "-"]
[White "JimM"]
[Black "Clive Everill"]
[Result "0-1"]
[WhiteCountry "USA"]
[BlackCountry "CZE"]
[WhiteElo "1644"]
[WhiteRD "92"]
[BlackElo "1730"]
[BlackRD "61"]
[GameID "747846"]

1. d4 f5 2. g3 Nf6 3. Nf3 e6 4. c4 b6 5. Bg2 Bb7 6. Nc3 Bb4 7. Bd2 O-O 8. O-O Nc6 9. Qc2 d5 10. cxd5 exd5
11. Ng5 Bc8 12. Bf4 Nxd4 13. Qd3 Bxc3 14. Qxc3 Nxe2+ 15. Kh1 Nxc3 16. bxc3 Ne4 17. Nf3 c6 18. Rac1 Ba6
0-1

[Event "Saint Swithin's Day Knockout"]
[Site "SchemingMind.com"]
[Date "2024.10.03"]
[Round "-"]
[White "Clive Everill"]
[Black "JimM"]
[Result "*"]
[WhiteCountry "CZE"]
[BlackCountry "USA"]
[WhiteElo "1730"]
[WhiteRD "61"]
[BlackElo "1644"]
[BlackRD "92"]
[GameID "747847"]

1. e4 c5 2. Nc3 Nc6 3. f4 g6 4. Nf3 Bg7 5. Nd5 e6 6. Ne3 Nf6 7. d3 O-O 8. Be2 d5 9. e5 Nd7 10. O-O Nd4
11. Nxd4 cxd4 12. Ng4 f6 13. c4 dxc4 14. dxc4 fxe5 15. fxe5 Nxe5 16. Rxf8+ Kxf8 17. Nxe5 Bxe5 18. Bh6+ Bg7 19. Qf1+ Kg8 20. Bd2 e5
21. Rd1 Qb6 22. c5 Qxc5 23. Bc4+ Kh8 24. b4 Qd6 25. a3 Bf5 26. Bd3 Bg4 27. Rc1 Rf8 28. Qe1 Bf5 29. Be4 b6 30. Rc6 Qd7
31. b5 Ra8 32. Rxb6 axb6 33. Bxa8 Qxb5 34. Bb4 d3 35. Qc3 Qe8 36. Bd5 e4 37. Qe1 Bd4+ 38. Kh1 e3 39. Bf3 Qe5 40. Qh4 Bc5
41. Qd8+ Kg7 42. Bxc5
*

[Event "Saint Swithin's Day Knockout"]
[Site "SchemingMind.com"]
[Date "2024.10.10"]
[Round "-"]
[White "roscoe"]
[Black "Derek Price"]
[Result "0-1"]
[WhiteCountry "USA"]
[BlackCountry "ENG"]
[WhiteElo "1148"]
[WhiteRD "104"]
[BlackElo "2440"]
[BlackRD "66"]
[GameID "747959"]

1. d4 d5 2. h3 Nf6 3. Nf3 c5 4. Nc3 cxd4 5. Nxd4 e5 6. Ndb5 d4 7. Na4 Qa5+ 8. Bd2 Qxb5 9. b3 Qd5 10. f3 Be7
11. e3 Nc6 12. e4 Nxe4 13. Bc4 Bh4+ 14. g3 Bxg3+ 15. Ke2 d3+ 16. cxd3 Nd4+ 17. Ke3 Bf2#
0-1

[Event "Saint Swithin's Day Knockout"]
[Site "SchemingMind.com"]
[Date "2024.10.10"]
[Round "-"]
[White "Derek Price"]
[Black "roscoe"]
[Result "1-0"]
[WhiteCountry "ENG"]
[BlackCountry "USA"]
[WhiteElo "2440"]
[WhiteRD "66"]
[BlackElo "1148"]
[BlackRD "104"]
[GameID "747960"]

1. c4 c5 2. Nf3 Nf6 3. Nc3 g6 4. d4 d5 5. dxc5 Bg7 6. cxd5 O-O 7. e4 e5 8. a3 Nbd7 9. b4 a6 10. Bc4 b5
11. Bb3 a5 12. Be3 Ng4 13. Bd2 h5 14. h3 Nxf2 15. Kxf2 Kh7 16. Rf1 Bb7 17. c6 Bxc6 18. dxc6 Nb6 19. Nxb5 a4 20. Ng5+ Kh8
21. Ba2 Bf6 22. Nxf7+ Rxf7 23. Bxf7 Qe7 24. Bxg6 Rg8 25. Qxh5+ Kg7 26. Qh6#
1-0

[Event "Saint Swithin's Day Knockout"]
[Site "SchemingMind.com"]
[Date "2024.10.14"]
[Round "-"]
[White "Henk Miedema"]
[Black "Helga1946"]
[Result "0-1"]
[WhiteCountry "NED"]
[BlackCountry "GER"]
[WhiteElo "801"]
[WhiteRD "99"]
[BlackElo "2424"]
[BlackRD "65"]
[GameID "747973"]

1. Nc3 Nc6 2. Nf3 d5 3. d3 e5 4. Bg5 f6 5. Bd2 Be6 6. a3 d4 7. Ne4 f5 8. Nfg5 Bd7 9. Qb1 fxe4 10. Nxe4 Nf6
11. Nxf6+ Qxf6 12. g3 Ne7 13. Bg2 Bc6 14. Bxc6+ Qxc6 15. c4 Qxh1#
0-1

[Event "Saint Swithin's Day Knockout"]
[Site "SchemingMind.com"]
[Date "2024.10.10"]
[Round "-"]
[White "Herisson"]
[Black "Chessibelle"]
[Result "1-0"]
[WhiteCountry "FRA"]
[BlackCountry "ENG"]
[WhiteElo "1713"]
[WhiteRD "206"]
[BlackElo "1001"]
[BlackRD "58"]
[GameID "748005"]

1. e4 e5 2. Nf3 d6 3. Bc4 h6 4. O-O f6 5. Nc3 a6 6. Nh4 g5 7. Qh5+ Kd7 8. Ng6 Rh7 9. Bxg8 Nc6 10. Bxh7 Nd4
11. Qd1 c5 12. Nd5 Bg7 13. c3 Ne6 14. h3 b5 15. d3 Qe8 16. c4 Qf7 17. Qb3 h5 18. a4 Nd4 19. Qd1 Bh6 20. Qxh5 Kc6
21. Nge7+
1-0

[Event "Saint Swithin's Day Knockout"]
[Site "SchemingMind.com"]
[Date "2024.10.10"]
[Round "-"]
[White "Chessibelle"]
[Black "Herisson"]
[Result "0-1"]
[WhiteCountry "ENG"]
[BlackCountry "FRA"]
[WhiteElo "1001"]
[WhiteRD "58"]
[BlackElo "1713"]
[BlackRD "206"]
[GameID "748006"]

1. Nf3 d5 2. e3 Nf6 3. h3 Nbd7 4. d4 c5 5. c3 Qc7 6. a3 e5 7. Bb5 a6 8. Ba4 b5 9. Bc2 Bb7 10. Bd3 e4
11. Be2 exf3 12. Bxf3 O-O-O 13. Qd3 g6 14. Bd2 Bd6 15. b3 c4 16. Qc2 Rde8 17. O-O Re6 18. Be2 Ne4 19. Be1 Ndf6 20. f3 Ng3
21. Rf2 Rhe8 22. Bd2 Kb8 23. Qd1 Bc8 24. f4 Qd8 25. Rf3 Nfe4 26. Be1 Qh4 27. Qc2 R6e7 28. a4 Bxh3 29. Nd2 Bxg2 30. Bxg3 Qh1#
0-1

[Event "Saint Swithin's Day Knockout"]
[Site "SchemingMind.com"]
[Date "2024.10.11"]
[Round "-"]
[White "cnile"]
[Black "mmccaffe"]
[Result "*"]
[WhiteCountry "SCO"]
[BlackCountry "USA"]
[WhiteElo "1290"]
[WhiteRD "59"]
[BlackElo "1667"]
[BlackRD "74"]
[GameID "748031"]

1. e4 e6 2. d4 d5 3. Nc3 Bb4 4. e5 c5 5. a3 Bxc3+ 6. bxc3 Ne7 7. Qg4 Qc7 8. Qxg7 Rg8 9. Qxh7 cxd4 10. Ne2 Nbc6
11. f4 dxc3 12. Qh3 Bd7 13. Nxc3 Rc8 14. g4 Nxe5 15. Nb5 Bxb5 16. Bxb5+ Nd7 17. Ba4 a6 18. Bd2 b5 19. Bb3 Nc5 20. Bb4 Nxb3
21. Ra2 Nd4 22. c3 Ndc6 23. Bxe7 Nxe7 24. O-O Qxc3
*

[Event "Saint Swithin's Day Knockout"]
[Site "SchemingMind.com"]
[Date "2024.10.11"]
[Round "-"]
[White "mmccaffe"]
[Black "cnile"]
[Result "1-0"]
[WhiteCountry "USA"]
[BlackCountry "SCO"]
[WhiteElo "1667"]
[WhiteRD "74"]
[BlackElo "1290"]
[BlackRD "59"]
[GameID "748032"]

1. d4 d5 2. c4 e6 3. Nf3 Nf6 4. g3 dxc4 5. Bg2 Be7 6. O-O O-O 7. Qc2 c5 8. Qxc4 Nc6 9. Rd1 Qb6 10. dxc5 Bxc5
11. e3 Bd7 12. Nc3 Rfe8 13. Na4 Qb4 14. Qxb4 Nxb4 15. Nxc5 Bc6 16. Bd2 Rac8 17. Bxb4 a6 18. Rac1
1-0

[Event "Saint Swithin's Day Knockout"]
[Site "SchemingMind.com"]
[Date "2024.10.14"]
[Round "-"]
[White "Phillip Beckett"]
[Black "Kenny Elliott"]
[Result "1-0"]
[WhiteCountry "ENG"]
[BlackCountry "USA"]
[WhiteElo "1548"]
[WhiteRD "53"]
[BlackElo "1506"]
[BlackRD "74"]
[GameID "748068"]

1. e4 c5 2. Nf3 d6 3. d4 cxd4 4. Nxd4 e5 5. Nb3 Nc6 6. Nc3 Nf6 7. Be2 Be7 8. O-O O-O 9. Be3 Be6 10. Bf3 Bxb3
11. axb3 Nb4 12. Na2 Nxa2 13. Rxa2 Qb8 14. Qa1 a6 15. b4 a5 16. bxa5 Bd8 17. a6 bxa6 18. b3 Bb6 19. Rxa6 Rxa6 20. Qxa6 Bxe3
21. fxe3 Nd7 22. Rd1 Nc5 23. Qxd6 Qxd6 24. Rxd6 h6 25. Rd5 Ne6 26. Rxe5 Rc8 27. c4 Rb8 28. Rb5 Ra8 29. e5 Ra1+ 30. Kf2 Ra2+
31. Kg3 Rd2 32. Rb8+ Kh7 33. Be4+ g6 34. Rb7 Kg7 35. Bd5 Ng5 36. h4 Rxd5 37. hxg5 Rxe5 38. gxh6+ Kxh6 39. Kf3
1-0

[Event "Saint Swithin's Day Knockout"]
[Site "SchemingMind.com"]
[Date "2024.10.13"]
[Round "-"]
[White "Kenny Elliott"]
[Black "Phillip Beckett"]
[Result "1/2-1/2"]
[WhiteCountry "USA"]
[BlackCountry "ENG"]
[WhiteElo "1506"]
[WhiteRD "74"]
[BlackElo "1548"]
[BlackRD "53"]
[GameID "748069"]

1. d4 d5 2. Nf3 Nf6 3. e3 e6 4. c4 Be7 5. c5 c6 6. Nc3 Nbd7 7. Be2 O-O 8. O-O Re8 9. b4 a5 10. b5 Bf8
11. b6 e5 12. dxe5 Nxe5 13. Nxe5 Rxe5 14. Bb2 Bf5 15. Nb5 cxb5 16. Bxe5 Bxc5 17. Bxf6 Qxf6 18. Bxb5 Be4 19. Bd3 Bxd3 20. Qxd3 Bxb6
21. Qxd5 Qe7 22. Qb5 Bc5 23. Rab1 b6 24. Qc6 Rd8 25. a4 Rd6 26. Qa8+ Rd8 27. Qa6 Qd6 28. Qb5 g6 29. Qb3 Kg7 30. Rbd1 Qe7
31. Rxd8 Qxd8 32. Rd1 Qe7 33. Qb2+ Kg8 34. h3 h5 35. Rd5 Kh7 36. Re5 Qd7 37. Qc2 Kg7 38. Rxc5 bxc5 39. Qxc5 Qd1+ 40. Kh2 Qxa4
41. Qe5+ Kg8 42. Qe8+ Kg7 43. Qe5+ Kg8 44. Qb8+ Kg7 45. Qe5+ Kg8=
1/2-1/2

[Event "Saint Swithin's Day Knockout"]
[Site "SchemingMind.com"]
[Date "2024.11.03"]
[Round "-"]
[White "Helga1946"]
[Black "The Stonewall"]
[Result "*"]
[WhiteCountry "GER"]
[BlackCountry "ENG"]
[WhiteElo "2424"]
[WhiteRD "65"]
[BlackElo "2249"]
[BlackRD "75"]
[GameID "748475"]

1. e4 c6 2. Nc3 d5 3. d4 dxe4 4. Nxe4 Nd7 5. c3 Ngf6 6. Bd3 Nxe4 7. Bxe4 Nf6 8. Bd3 Bg4 9. Ne2 e6 10. Qc2 Bd6
11. h3 Bh5 12. Nf4
*

[Event "Saint Swithin's Day Knockout"]
[Site "SchemingMind.com"]
[Date "2024.11.03"]
[Round "-"]
[White "The Stonewall"]
[Black "Helga1946"]
[Result "*"]
[WhiteCountry "ENG"]
[BlackCountry "GER"]
[WhiteElo "2249"]
[WhiteRD "75"]
[BlackElo "2424"]
[BlackRD "65"]
[GameID "748476"]

1. e4 e5 2. Nf3 Nc6 3. d4 exd4 4. Nxd4 Nf6 5. Nc3 Bb4 6. Nxc6 bxc6 7. Bd3 O-O 8. O-O d5 9. exd5 cxd5 10. h3 c6
11. Qf3 Re8 12. Bf4 Bd6 13. Rfe1 Be6 14. Ne2 Bxf4
*

[Event "Saint Swithin's Day Knockout"]
[Site "SchemingMind.com"]
[Date "2024.11.03"]
[Round "-"]
[White "Robert Bruce"]
[Black "eliecercruzr"]
[Result "1/2-1/2"]
[WhiteCountry "SCO"]
[BlackCountry "CUB"]
[WhiteElo "2363"]
[WhiteRD "72"]
[BlackElo "2435"]
[BlackRD "59"]
[GameID "748516"]

1. c4 e5 2. Nc3 Nf6 3. Nf3 Nc6 4. g3 Nd4 5. Nxe5 Qe7 6. f4 d6 7. Nd3 Bf5 8. e3 Be4 9. Nxe4 Qxe4 10. Nf2 Nf3+=
1/2-1/2

[Event "Saint Swithin's Day Knockout"]
[Site "SchemingMind.com"]
[Date "2024.11.03"]
[Round "-"]
[White "eliecercruzr"]
[Black "Robert Bruce"]
[Result "*"]
[WhiteCountry "CUB"]
[BlackCountry "SCO"]
[WhiteElo "2435"]
[WhiteRD "59"]
[BlackElo "2363"]
[BlackRD "72"]
[GameID "748517"]

1. d4 Nf6 2. c4 e6 3. Nf3 b6 4. g3 Ba6 5. b3 Bb7 6. Bg2 Bb4+ 7. Bd2 Be7 8. Nc3 Ne4 9. O-O d6 10. Qc2 Nxd2
11. Qxd2 O-O 12. e4 a6 13. h4 Nd7 14. Rfe1 c5 15. d5 e5
*

[Event "Saint Swithin's Day Knockout"]
[Site "SchemingMind.com"]
[Date "2024.11.12"]
[Round "-"]
[White "William Lindberg"]
[Black "Holty"]
[Result "*"]
[WhiteCountry "USA"]
[BlackCountry "ENG"]
[WhiteElo "2362"]
[WhiteRD "72"]
[BlackElo "1793"]
[BlackRD "75"]
[GameID "748866"]

1. c4 e5 2. Nc3 Bb4 3. Nd5 a5 4. e3 Nf6 5. Nf3 Nxd5 6. cxd5 e4 7. a3 Be7 8. Nd4 Bf6 9. d3 Bxd4 10. exd4 exd3
11. Bxd3 d6 12. O-O O-O 13. Qh5 g6 14. Qh6 Qf6 15. Bg5 Qg7 16. Qh4 h5 17. Bf6 Qh7 18. Rae1 Nd7 19. Be7 Re8 20. Bd8 Rxe1
21. Rxe1 Nf8 22. Bxc7 Bd7 23. Bxd6 Rc8 24. Bxf8 Kxf8 25. Qe7+ Kg8 26. Qxd7 Rf8
*

[Event "Saint Swithin's Day Knockout"]
[Site "SchemingMind.com"]
[Date "2024.11.13"]
[Round "-"]
[White "Holty"]
[Black "William Lindberg"]
[Result "*"]
[WhiteCountry "ENG"]
[BlackCountry "USA"]
[WhiteElo "1793"]
[WhiteRD "75"]
[BlackElo "2362"]
[BlackRD "72"]
[GameID "748867"]

1. d4 Nf6 2. Nd2 d5 3. Ngf3 Bf5 4. e3 e6 5. Ne5 h6 6. Bd3 Nbd7 7. O-O Bd6 8. Ndf3 O-O 9. c4 c6 10. c5 Bxe5
11. Nxe5 Nxe5 12. Bxf5 exf5 13. dxe5 Nd7 14. Qd4 Re8 15. Bd2 Qc7 16. f4 f6 17. Rac1 fxe5 18. fxe5 Qxe5 19. Bc3 Qxe3+ 20. Qxe3 Rxe3
21. Bd4 Rd3 22. Bf2 Re8 23. b4 g5 24. Rfe1 Rxe1+ 25. Rxe1 Nf6 26. h3
*